03120nam a2200397 i 4500003000400000005001700004007000300021008004700024010000900071011001000080020001900090020001900109040002800128041000800156082003900164245018400203264008500387300005900472336002800531337003400559338003000593490005600623500006500679505119700744650004301941650005301984650004302037700005002080700006402130700005402194700007402248710005402322830005602376856014502432856014502577AGN20260520160041.0ta260520e20172025dr ad||gro|||||| |bspa d|spa|  a2025 a  a9789945251326. a9789945251333. aAGNbspacDO-SdBNPerda aspa aRD 306.74097293 2P966T 2025b2025 aLa prostitución en República Dominicana durante la primera mitad del siglo XX : ccompilación de documentos / bcoordinadora Leticia Belén Trejo Rosales. [y otros cuatro]. aSanto Domingo, República Dominicana :bArchivo General de la Nación, c2025. a1 tomo : bilustraciones, gráficas ; c25.5 x 18 cm. atextobtxt 2rdacontent asin mediación bn2rdamedia avolumen bnc 2rdacarrier1 aArchivo General de la Nación ; vvolúmenes 516. aIncluye una pequeña biografía de la autora en la solapa. aTomo I : Presentación 9 -- Introducción 11 -- 1. Prostitución estatalmente regulada 21 -- 1.1 Higienismo norteamericano 23 -- 1.2 La prostitución como asunto de Salud Pública 97 -- 1.2.1 Profilaxis social 99 -- 1.2.2 Darío Contreras 149 -- 1.3 Prostitución: ¿origen de las enfermedades venéreas? 167 -- 1.3.1 Actas por ejercicio de la prostitución clandestina 197 -- 1.3.2 Métodos para tratar las enfermedades venéreas 211 -- 1.3.2.1 Código de procedimiento sanitario, año 1920 213 -- 1.3.2.2 Código de procedimiento sanitario, año 1938 219 -- 1.3.2.3 Exámenes a prostitutas 225 -- 1.3.3 Tarjetas de salud 237 -- 1.4 Persecución Policial 241 -- 2. Cartografía de la moral 257 -- 2.1 Cartografía de la moral 259 -- 2.2 Migración del campo a la ciudad y conformación de la ciudad 337 -- 2.2.1 Trabajadoras domésticas 339 -- 2.2.2 Reformatorios 349 -- 2.2.3 Cosechas 373 -- 2.2.4 Mujeres de procedencia campesina: menores y mayores de edad 405 -- 2.3 Zona de tolerancia 421 -- 2.3.1 Zona de tolerancia 423 -- 2.3.2 Clausura de establecimientos 447 -- 2.3.3 Moralización de la ciudad: Expulsión de mujeres que ejercen la prostitución 461 aProstituciónzRepública Dominicana aProstituciónxHistoriazRepública Dominicana aProstitución xEnfoque sociocultural aTrejo Rosales, Leticia Belén ecoordinadora aVásquez Sena, Jorge Douglas eauxiliar de investigación aCorporán, María eauxiliar de investigación aFernández Vásquez, Yahaira ediagramación ediseño de portada aÁrea de Publicaciones ecuidado de la edición 0aArchivo General de la Nación ; vvolúmenes 516. uhttps://colecciones.agn.gob.do/opac/ficha.php?informatico=00280978PI&codopac=OP003&idpag=2057305456&presenta=digitaly2p#viajeinicialyTomo I uhttps://colecciones.agn.gob.do/opac/ficha.php?informatico=00280979PI&codopac=OP003&idpag=340304105&presenta=digitaly2p#viajeinicialyTomo II